| 000 | 02119cam a22004214i 4500 | ||
|---|---|---|---|
| 003 | PE-LiUPU | ||
| 005 | 20250731173200.0 | ||
| 008 | 150623s1960 sp r 000 0 spa d | ||
| 035 | _a(Sirsi) a30005 | ||
| 040 |
_aPE-LiUPU _bspa _cPE-LiUPU _erda |
||
| 082 | 0 | 4 |
_a200.1724 _bB16 _221 |
| 100 | 1 |
_aBaiton, Roland H., _eautor. |
|
| 245 | 1 | 0 |
_aActitudes Cristianas ante la Guerra y la Paz : _bExamen Histórico y Nueva Valoración Critica / _cRoland H. Bainton. |
| 264 | 1 |
_aMadrid : _bEditorial Tecnos, _c1960. |
|
| 300 |
_a247 páginas ; _c22.5 cm. |
||
| 336 |
_atext _2rdacontent |
||
| 337 |
_aunmediated _2rdamedia |
||
| 338 |
_avolume _2rdacarrier |
||
| 505 | 0 | _aIdeales de paz en la antiguedad -- Los origenes clasicos de la guerra justa -- Los origenes de la idea de cruzada en el viejo testamento -- Guerra y paz en el antiguo tetameno -- El pacifismo de la iglesia antigua -- La teoria de la tierra justa en el imperio cristiano roamno -- De la guerrqa justa en el imperio cristiano romano -- De la guerra justa a la cruzada y al pacifismo sectario -- La utopia renacentista y el resurgir de la guerra justa -- Guerras de religion -- Las iglesias de la paz historica y guerra con los aborigenes -- La ilustracion -- De waterloo a Armagedon: Un siglo de relativa paz -- De la proscipcion de la guerra a la bomba a tomica -- Pasado y presente -- Entonces, ¿Que?. | |
| 526 | _aSEG42 | ||
| 526 | _aSEG41 | ||
| 526 | _aSEG40 | ||
| 526 | _aSEG39 | ||
| 526 | _aP94 | ||
| 526 | _aP87 | ||
| 526 | _aP86 | ||
| 526 | _aP85 | ||
| 526 | _aP77 | ||
| 526 | _aP76 | ||
| 526 | _aP35 | ||
| 650 | 1 | 4 |
_aGuerra _xAspectos religiosos _xCristianismo. |
| 650 | 2 | 4 | _aPaz (Filosofía). |
| 942 |
_2ddc _cBOOK |
||
| 949 |
_a200.1724 B16 _wDEWEY _c1 _i39186 _lCCODEBUL1 _mBUL _p00.00 _r0 _sY _tBOOK _u2015-06-24 _xBIBLIOTECA _zUNKNOWN _0COMPRA _o.STAFF. Colección Teología |
||
| 596 | _a1 | ||
| 999 |
_a200.1724 B16 _wDEWEY _c37419 _i39186 _f2021-11-11 _g5 _lCCODEBUL1 _mBUL _p28.00 _r0 _sY _tBOOK _u2015-6-24 _xTEOLOGIA _PP35 _0COMPRA _o.STAFF. Colección Teología _d37419 |
||
| 980 |
_81 _gALBERTO SANCHEZ Responsable de Automatización |
||